000 00354nam a22001217a 4500
082 _a621.3192 CAR'E
100 _aCARSON, JOHN R
_969923
245 _aELECTRIC CIRCUIT THEORY AND THE OPERATIONAL CALCULUS
260 _aNEWYORK
_bMCGRAW HILL
_c1926
300 _a197P
650 _aELECTRIC CIRCUIT THEORY AND THE OPERATIONAL CALCULUS
_969924
942 _cBK
999 _c577002
_d577002